International organizations : (Record no. 27868)
[ view plain ]
| 000 -LEADER | |
|---|---|
| fixed length control field | 01845cam a22003255i 4500 |
| 001 - CONTROL NUMBER | |
| control field | 18626342 |
| 003 - CONTROL NUMBER IDENTIFIER | |
| control field | EG-ScBUE |
| 005 - DATE AND TIME OF LATEST TRANSACTION | |
| control field | 20191203110726.0 |
| 008 - FIXED-LENGTH DATA ELEMENTS--GENERAL INFORMATION | |
| fixed length control field | 150521s2015 coua f b 001 0 eng d |
| 020 ## - INTERNATIONAL STANDARD BOOK NUMBER | |
| International Standard Book Number | 9781626371514 (alk. paper) |
| 040 ## - CATALOGING SOURCE | |
| Original cataloging agency | DLC |
| Language of cataloging | eng |
| Description conventions | rda |
| Transcribing agency | DLC |
| Modifying agency | DLC |
| -- | EG-ScBUE |
| 082 04 - DEWEY DECIMAL CLASSIFICATION NUMBER | |
| Classification number | 341.2 |
| Item number | KAR |
| Edition number | 22 |
| 100 1# - MAIN ENTRY--PERSONAL NAME | |
| Personal name | Karns, Margaret P., |
| Relator term | author. |
| 245 10 - TITLE STATEMENT | |
| Title | International organizations : |
| Remainder of title | the politics and processes of global governance / |
| Statement of responsibility, etc | Margaret P. Karns, Karen A. Mingst, Kendall W. Stiles. |
| 250 ## - EDITION STATEMENT | |
| Edition statement | Third edition. |
| 264 #1 - PUBLICATION, DISTRIBUTION, ETC. (IMPRINT) | |
| Place of publication, distribution, etc | Boulder, Colorado ; |
| -- | London : |
| Name of publisher, distributor, etc | Lynne Rienner Publishers, Inc., |
| Date of publication, distribution, etc | 2015. |
| 300 ## - PHYSICAL DESCRIPTION | |
| Extent | xiv, 671 pages : |
| Other physical details | illustrations ; |
| Dimensions | 23 cm |
| 336 ## - CONTENT TYPE | |
| Content type term | text |
| Content type code | txt |
| Source | rdacontent |
| 337 ## - MEDIA TYPE | |
| Media type term | unmediated |
| Media type code | n |
| Source | rdamedia |
| 338 ## - CARRIER TYPE | |
| Carrier type term | volume |
| Carrier type code | nc |
| Source | rdacarrier |
| 504 ## - BIBLIOGRAPHY, ETC. NOTE | |
| Bibliography, etc | Includes bibliographical references and index. |
| 520 ## - SUMMARY, ETC. | |
| Summary, etc | The third edition of the award-winning International Organizations has been thoroughly revised and updated to take into account new developments and shifting power relations since 2009, as well as the most current scholarship. As before, the authors provide a comprehensive, in-depth examination of the full range of international organizations. New features of the book include attention to a broader range of theoretical approaches, to the increasing importance of regional organizations, and to emerging forms of governance. And new case studies highlight the governance dilemmas posed by the Libyan and Syrian civil wars, human trafficking, LGBT rights, climate change, and more. |
| 650 #7 - SUBJECT ADDED ENTRY--TOPICAL TERM | |
| Topical term or geographic name as entry element | International agencies. |
| Source of heading or term | BUEsh |
| 650 #7 - SUBJECT ADDED ENTRY--TOPICAL TERM | |
| Topical term or geographic name as entry element | International organization. |
| Source of heading or term | BUEsh |
| 653 ## - INDEX TERM--UNCONTROLLED | |
| Resource For college | MASTER - Political Science |
| Arrived date list | November2019 |
| 655 ## - INDEX TERM--GENRE/FORM | |
| Form subdivision | Reading book |
| 700 1# - ADDED ENTRY--PERSONAL NAME | |
| Personal name | Mingst, Karen A., |
| Dates associated with a name | 1947- |
| Relator term | author. |
| 9 (RLIN) | 8035 |
| 700 1# - ADDED ENTRY--PERSONAL NAME | |
| Personal name | Stiles, Kendall W., |
| Relator term | author. |
| 942 ## - ADDED ENTRY ELEMENTS (KOHA) | |
| Source of classification or shelving scheme | Dewey Decimal Classification |
| Koha item type | Book - Borrowing |
| Withdrawn status | Lost status | Source of classification or shelving scheme | Damaged status | Not for loan | Collection code | Home library | Current library | Shelving location | Date acquired | Source of acquisition | Cost, normal purchase price | Total Checkouts | Total Renewals | Full call number | Barcode | Date last seen | Date checked out | Cost, replacement price | Price effective from | Koha item type |
|---|---|---|---|---|---|---|---|---|---|---|---|---|---|---|---|---|---|---|---|---|
| Dewey Decimal Classification | Baccah | Central Library | Central Library | First floor | 26/11/2019 | Purchase | 790.00 | 1 | 3 | 341.2 KAR | 000048345 | 15/07/2025 | 08/05/2023 | 987.50 | 26/11/2019 | Book - Borrowing |